| 000 | 00477cam a2200181ua 4500 | ||
|---|---|---|---|
| 001 | 6308 | ||
| 005 | 20260515114029.0 | ||
| 008 | 131128n ii |||gr||||Z||||||eng | ||
| 040 | _cMAIN | ||
| 082 | _a658 | ||
| 245 | 1 | 1 |
_aPrinciples of farm management _cBy J. Norman efferson |
| 260 |
_aJapan: _bTosho printing co. ltd., _c1953. |
||
| 300 | _avii,421p. | ||
| 653 | _aCommerce | ||
| 653 | _aPrinciples of farm management | ||
| 700 | 1 |
_aEfferson,J. Norman, _eAuthor. |
|
| 942 | _cBK | ||
| 999 |
_c5455 _d5455 |
||